000
00198 a2200085 4500
999
_c
211123
_d
211123
020
_a
9780500252413
100
_a
Stanford, Peter
245
_a
Pilgrimage : Journeys of meaning /
260
_b
T&H,
_c
2021.